00289nam a2200121Ia 4500008004100000041000800041082001700049100001100066245003400077260001700111365001600128700002300144230718s9999 xx 000 0 und d aeng a658.403bDEY aDey S. aSlog BookbThe Gd Pi Workbook bIms Learning cRs.b200.00 aDey S. & Sekhri A.